Essentials of game theory : a concise, multidisciplinary introduction /

Game theory is the mathematical study of interaction among independent, self-interested agents. Its imprint has become quite broad, and beside in economics, its traditional application area, is strongly felt today in disciplines as diverse as computer science, political science, biology, psychology,...

Full description

Bibliographic Details
Main Author: Leyton-Brown, Kevin 1975-
Other Authors: Shoham, Yoav
Format: Libro
Language:English
Published: [San Rafael, Calif.] Morgan & Claypool Publishers 2008
Series:Synthesis lectures on artificial intelligence and machine learning
Subjects:
Online Access:

MARC

LEADER 00000cam a2200000 a 4500
001 017637
003 UAHC_CL
005 20170803121524.0
008 150417s2008 xxu 000 eng
020 |a 9781598295931 
040 |a UAHC_CL  |c UAHC_CL  |d UAHC_CL 
082 0 4 |a 519.23  |b L685  |2 20 
100 1 |a Leyton-Brown, Kevin  |d 1975- 
245 1 0 |a Essentials of game theory :  |b a concise, multidisciplinary introduction /  |c Kevin Leyton-Brown, Yoav Shoham. 
260 |b Morgan & Claypool Publishers  |a [San Rafael, Calif.]  |c 2008 
300 |a xvi, 88 p. 
490 0 |a Synthesis lectures on artificial intelligence and machine learning 
520 |a Game theory is the mathematical study of interaction among independent, self-interested agents. Its imprint has become quite broad, and beside in economics, its traditional application area, is strongly felt today in disciplines as diverse as computer science, political science, biology, psychology, linguistics, sociology, and electrical engineering, among many others. This book provides a concise and accessible introduction to the field, covering the common basis that any member of this multidisciplinary audience is likely to require. It minimizes notation without sacrificing rigor, and ruthlessly focuses on essentials. 
650 4 |a TEORIAS DEL JUEGO 
653 |a ESTUDIOS GENERALES 
700 1 |a Shoham, Yoav 
900 |a 519.23 LEY 
942 |c BK 
952 |0 0  |1 0  |4 0  |6 519_230000000000000_LEY  |7 0  |8 General  |9 35270  |a BC  |b BC  |c General  |d 2017-08-03  |l 0  |o 519.23 LEY  |p 1421602  |r 2026-01-13 00:00:00  |t 1  |w 2017-08-03  |y BK 
999 |c 17637  |d 17637